000 00509nam a2200181Ia 4500
005 20250508152747.0
008 008 250505s9999 xx 000 0 eng d
037 _aTextual
040 _aFEDL
_beng
_cFEDL
041 _aeng
_2eng
084 _a309.230 954, IND
_qFEDL
245 0 _aThird five year plan: A draft outline
245 0 _cIndia, Government.... Planning Commission
260 _c1960
300 _av,265p
942 _cTEXL
_h309.230 954, IND
999 _c1338576
_d1338576